00525 2200181 4500001002100000005001500021035002000036007000300056008004100059082000800100084001400108100001600122245010800138250001100246260003900257300003800296990000900334INLIS00000000000661120210226020436 a0010-0221000375ta210226 g 0 ind  a597 a597 EDY m0 aEdy Karsono1 aMengenal Kehidupan Ikan dan Lingkungannya 2 :bBacaan siswa SLTP dan Madrasah Tsanawiyah /cEdy Karsono aCet. 1 aBandung :bCV Citra Penamas,c2001 avi, 64 hlm :b.ilus ;c15 x 21 cm a4370